• 首页
  • 本馆介绍
  • 公告通知
  • 最新文献
  • 馆藏检索
  • 电子资源
  • 读者导购
  • 参考咨询
  • 我的图书馆
  • 登录
  • 期刊详细显示
  • 现刊情况显示
  • 合订本情况显示
  • 篇目信息显示

期刊信息

  • 表格格式
  • 工作单格式
  • 卡片格式
索取号 
R6/SCNA
题名 
The Surgical clinics of North America.
作者 
James M. Becker,MD,guest editor
分册号 
分册名 
出版地 
Philadelphia
出版者 
W.B. Saunders
标准刊号 
0039-6109
出版频率 
月刊
中图法分类 
R6
主题词 
外科学
电子资源 
000 00521nas0 2200205 45
001 0761266359
005 20070524171503.25
011    @a0039-6109
100    @a20070524d km y0chiy0120 ea
101 0  @aeng
200 1  @aThe Surgical clinics of North America.@fJames M. Becker,MD,guest editor
210    @aPhiladelphia@cW.B. Saunders
326    @a月刊
606 0  @a外科学
690    @aR6@v4
701  0 @aJames M. Becker
701  0 @aMD
701  0 @aguest editor
801  0 @aCN@bPFT@c20070524
905    @aTJWY@dR6@eSCNA
    
    The Surgical clinics of North America./James M. Becker,MD,guest editor.-Philadelphia:W.B. Saunders
    
    
    
    ISSN 0039-6109
    
●
相关链接: 在易读查询期刊 在中国知网中查询期刊 在万方数据查询期刊 在维普查询期刊
唐山师范学院图书馆 欢迎您!
大连网信软件有限公司© 版权所有